Activitats : ... / Generalitat de Catalunya. Departament de Sanitat i Seguretat Social ... / Generalitat de Catalunya. Departament de Sanitat i Seguretat Social
Publicado:
Barcelona :
Secretaria General Tècnica del Departament de Sanitat i Seguretat Social ,
1981
Descripción Física:
202 p. ; 24 cm
MARC
| LEADER | 00000nam a2200000Ia 4500 | ||
|---|---|---|---|
| 001 | 1558, 1559, 1560 | ||
| 008 | 160829s1981 - xx 000 0 cat d | ||
| 080 | |a C-2-78, C-2-79, C-2-80 | ||
| 110 | 1 | |a Catalunya. |b Departament de Sanitat i Seguretat Social |9 56409 | |
| 245 | |a Activitats : |b ... / Generalitat de Catalunya. Departament de Sanitat i Seguretat Social | ||
| 260 | |a Barcelona : |b Secretaria General Tècnica del Departament de Sanitat i Seguretat Social, |c 1981 - | ||
| 300 | |a 202 p. ; |c 24 cm | ||
| 650 | |a Catalunya. Departament de Sanitat i Seguretat Social | ||
| 866 | |a maig 1980 - maig 1981, maig 1982 - maig 1983, maig 1983 - maig 1984 | ||
| 901 | |a Arxiu | ||
| 942 | |n 1 | ||
| 952 | |0 0 |1 0 |4 0 |6 C278_C279_C280 |7 1 |9 47843 |a Arxiu |b Arxiu |d 2016-12-01 |l 0 |o C-2-78, C-2-79, C-2-80 |p 1558, 1559, 1560 |r 2016-12-01 00:00:00 |w 2016-12-01 |y ARXIU | ||
| 999 | |c 51642 |d 51642 | ||